1822 1065 1904 1009 1489 1530 1078 1799 1359 1038 1322 1282 1420 1481 1159 1745 1671 1072 1438 1297 1315 1538 1220 1141 1236 1468 1435 1702 1353 1393 1951 1494 1948 1196 1649 1313 1319 1358 1187 1119 1679 1982 1337 1969 1867 1204 1499 1437 1264 1832 1126 1878 1997 1986 1735 1607 1692 1527 1272 1721 1857 1956 1623 1802 1025 1800 1779 1597 1913 1959 1687 1059 1153 1409 1080 1565 1055 1293 1913 1564 1729 1090 1040 1283 1270 1599 1807 1336 1244 1386 1876 1262 1471 1609 1651 1322 1537 1888 1099 BCNSPRNW ULIB Ver.6.0+V

เปลี่ยนเป็นภาษาไทย

Change to English
 แสดงรายละเอียดบรรณานุกรม
  กลับหน้าหลัก

Brief Record : Get Marc (ISO 2709) : E-mail record : QR code < ปิดหน้าต่าง
LEADER : 00000nam 2200000uu 4500
001    13399124510
003     ULIB
008    150817s2556 th a 000 0 tha d
020    9789749804889
090    นว.^bว720ช ล.พิเศษ
100    วิลเลียม แอนเดอร์สัน;^eเขียน
245    ชีวิตต้องสู้.^bชีวประวัติ ลอร่า อิงกัลล์ส ไวล์เดอร์/^cวิลเลียม แอนเดอร์สัน. ; เขียน ,ปัทมา อินทรรักขา. ; แปล
250    พิมพ์ครั้งที่ 6
260    กรุงเทพฯ :^bแพรวเยาวชน,^c2556
300    233 หน้า;^b18.5 ซม.
500    หนังสือชุดบ้านเล็ก
700    ปัทมา อินทรรักขา ;^eแปล
945    ^p165^l0^i039783
999    ^aทศพร
รายการนี้ยังไม่มีแท็ก
คุณยังไม่ได้ล็อกอิน คุณสามารถมีกิจกรรมร่วมกับเว็บไซต์ได้ แต่ต้องล็อกอินก่อน ::
  ล็อกอิน

รายการสื่อสารสนเทศ

ลำดับที่ ประเภท เลขเรียก/บาร์โค้ด สถานที่ สถานะ
1. นวนิยาย
นวนิยาย
นว. ว720ช ล.พิเศษ ฉ.1 
  Barcode: 039783
ห้องสมุดวิทยาเขตสวรรค์ประชารักษ์
►นวนิยาย
บนชั้น
  ขอยืม

BibComment


ยังไม่เคยถูกคอมเมนท์

คอมเมนท์ทรัพยากรรายการนี้
  คอมเมนท์: ชีวิตต้องสู้ ชีวป..


 Copyright 2026. Bcnsprnw @Library